| 000 | 00988nmm a2200313 a 4500 | ||
|---|---|---|---|
| 001 | ocm0002347372 | ||
| 003 | TR-IsHL | ||
| 005 | 20201028184717.0 | ||
| 008 | 190515s2019 tu eng | ||
| 007 | cr cn | ||
| 020 | _a9786057861351 | ||
| 035 |
_a2347372 _b(N$T) |
||
| 050 | 0 | 4 |
_aHF5386 _b.H546 2019 |
| 090 | 0 | 4 |
_aHF5386 _b.H546 2019 |
| 100 | 1 | _aHill, Napoleon | |
| 245 | 1 | 0 |
_aThe law of success _h[electronic resource] / _cNapoleon Hill |
| 260 |
_aİstanbul : _be-Kitap Projesi & Cheapest Books, _c2019 |
||
| 300 | _a121 p. | ||
| 650 | 4 | _aDil ve Edebiyat | |
| 650 | 4 | _aLanguage and Literature | |
| 650 | 0 | _aBaşarı | |
| 650 | 0 | _aSuccess | |
| 650 | 0 | _aMotivasyon (Psikoloji) | |
| 650 | 0 | _aMotivation (Psychology) | |
| 650 | 0 | _aİş dünyasında başarı | |
| 650 | 0 |
_aBusiness _x Success |
|
| 650 | 7 |
_aBUSINESS & ECONOMICS / Personal Success _2bisacsh |
|
| 856 | 4 | 0 | _uhttp://search.ebscohost.com/login.aspx?direct=true&scope=site&db=e011xww&AN=2347372 |
| 999 |
_c21128 _d21128 |
||